000 00838nam a2200265 a 4500
001 37484
003 BD-RjUL
005 20211209052620.0
008 150121s1990 ii a b 001 0 eng
020 _a8120404742 :
035 _a(BD-RjUL)
040 _aDLC
_cDLC
_dDLC
_beng
041 _aeng
082 _220
_a338.173180954
_bKAR 1990
100 1 _aKalirajan, K. P.
_9115130
245 1 0 _aRice production :
_ban econometric analysis /
_cK.P. Kalirajan.
260 _aNew Delhi :
_bOxford & IBH Pub. Co.,
_cc1990.
300 _axiv, 175 p. :
_bill. ;
_c22 cm.
500 _aIn the Indian context.
504 _aIncludes bibliographical references (p. [165]-171)
650 0 _aRice trade
_zIndia
_zCoimbatore (District)
_xEconometric models.
_9115131
942 _2ddc
_cBK
999 _c37484
_d37484